[Event "Fejer County-chT 1213"]
[Site "Fejer Region"]
[Date "2013.02.16"]
[Round "5.28"]
[White "Varga, Peter1111"]
[Black "Peteri, Nike"]
[Result "1/2-1/2"]
[WhiteElo "1722"]
[BlackElo "1658"]
[PlyCount "58"]
[EventDate "2012.11.03"]
[EventType "team-tourn"]
[EventRounds "7"]
[EventCountry "HUN"]
[SourceTitle "EXT 2019"]
[Source "ChessBase"]
[SourceDate "2018.10.10"]
[SourceVersion "1"]
[SourceVersionDate "2018.10.10"]
[SourceQuality "1"]
[WhiteTeam "Etyek"]
[BlackTeam "Fehervar II"]
[WhiteTeamCountry "HUN"]
[BlackTeamCountry "HUN"]

1. d4 d5 2. Nf3 e6 3. Bf4 c5 4. e3 Qb6 5. Qc1 Nc6 6. c3 Nf6 7. Bd3 Be7 8. Nbd2 Nh5 9. Bg3 Nxg3 10. hxg3 g6 11. Nh4 e5 12. dxe5 Nxe5 13. Be2 Bf6 14. Nhf3 Bg4 15. Nxe5 Bxe2 16. Nxg6 fxg6 17. Kxe2 0-0 18. Kf1 Rae8 19. Nf3 d4 20. cxd4 cxd4 21. exd4 Qe6 22. Qd2 Qc4+ 23. Kg1 Re2 24. Qh6 Rf7 25. Rc1 Qe6 26. Qf4 Be5 27. Qh4 Bf6 28. Qf4 Be5 29. Qh4 Bf6 1/2-1/2

[Event "Fejer County-chT 1213"]
[Site "Fejer Region"]
[Date "2013.02.02"]
[Round "4.20"]
[White "Peteri, Nike"]
[Black "Dudas, Mate"]
[Result "1-0"]
[WhiteElo "1658"]
[BlackElo "1332"]
[PlyCount "61"]
[EventDate "2012.11.03"]
[EventType "team-tourn"]
[EventRounds "7"]
[EventCountry "HUN"]
[SourceTitle "EXT 2019"]
[Source "ChessBase"]
[SourceDate "2018.10.10"]
[SourceVersion "1"]
[SourceVersionDate "2018.10.10"]
[SourceQuality "1"]
[WhiteTeam "Fehervar II"]
[BlackTeam "Dunaujvaros Decs IV"]
[WhiteTeamCountry "HUN"]
[BlackTeamCountry "HUN"]

1. d4 Nf6 2. c4 g6 3. Nf3 Bg7 4. e3 0-0 5. Nc3 d5 6. Qc2 Bf5 7. Qb3 b6 8. Nxd5 Nxd5 9. cxd5 Be4 10. Bc4 a6 11. a4 b5 12. axb5 axb5 13. Rxa8 bxc4 14. Qd1 Qxd5 15. Ra3 Nc6 16. 0-0 Nb4 17. Bd2 Nc2 18. Ra5 Qd7 19. Ne1 Nxe1 20. Rxe1 Rb8 21. Bc3 f5 22. Qa4 Qd8 23. Qxc4+ Kh8 24. f3 Bb7 25. d5 Bc8 26. Bxg7+ Kxg7 27. Qc3+ Kg8 28. Rc1 Rb7 29. Rc5 c6 30. Rxc6 Bd7 31. Rc7 1-0

[Event "HUN-chT2 Charousek 1112"]
[Site "Hungary"]
[Date "2012.01.29"]
[Round "5"]
[White "Dvornitzky, Beatrix"]
[Black "Peteri, Nike"]
[Result "1/2-1/2"]
[WhiteElo "1966"]
[BlackElo "1652"]
[PlyCount "111"]
[EventDate "2011.09.25"]
[EventType "team-tourn"]
[EventRounds "11"]
[EventCountry "HUN"]
[SourceTitle "EXT 2013"]
[Source "ChessBase"]
[SourceDate "2012.11.22"]
[SourceVersion "1"]
[SourceVersionDate "2012.11.22"]
[SourceQuality "1"]
[WhiteTeam "BEAC"]
[BlackTeam "Fehervar"]
[WhiteTeamCountry "HUN"]
[BlackTeamCountry "HUN"]

1. e4 e5 2. Nf3 Nc6 3. d4 exd4 4. Nxd4 Bc5 5. Be3 Qf6 6. c3 Nxd4 7. Bxd4 Bxd4 8. Qxd4 d6 9. Nd2 Qxd4 10. cxd4 Nf6 11. Rc1 c6 12. Bd3 0-0 13. 0-0 Re8 14. Rfe1 Be6 15. f4 Rad8 16. f5 Bc8 17. Nf3 Kf8 18. Re2 Re7 19. Rce1 Rde8 20. g3 d5 21. e5 Ne4 22. Bxe4 dxe4 23. f6 gxf6 24. exf6 Rd7 25. Rxe4 Rxe4 26. Rxe4 Rd6 27. Rf4 Be6 28. a3 Rd5 29. Ne5 c5 30. Nf3 c4 31. Nd2 Rb5 32. d5 Rxd5 33. Nxc4 Ke8 34. Ne3 Rd2 35. Rf2 Rxf2 36. Kxf2 Kd7 37. g4 Kd6 38. g5 Ke5 39. Kg3 Ke4 40. Ng4 Kf5 41. h4 Ke4 42. h5 Kf5 43. Kh4 Kf4 44. Nh6 a6 45. Ng8 Bf5 46. Ne7 Be4 47. g6 Bxg6 48. hxg6 hxg6 49. Nxg6+ Kf5 50. Nf8 Kxf6 51. Nd7+ Ke6 52. Nc5+ Ke5 53. Kg5 Kd4 54. Nxb7 Kc4 55. b4 Kb3 56. Nc5+ 1/2-1/2

[Event "HUN-chT2 Asztalos 1011"]
[Site "Hungary"]
[Date "2011.05.01"]
[Round "10.12"]
[White "Busa, Tamas"]
[Black "Peteri, Nike"]
[Result "1/2-1/2"]
[WhiteElo "1686"]
[BlackElo "1659"]
[PlyCount "148"]
[EventDate "2010.09.12"]
[EventType "team-tourn"]
[EventRounds "11"]
[EventCountry "HUN"]
[SourceTitle "EXT 2012"]
[Source "ChessBase"]
[SourceDate "2011.11.24"]
[SourceVersion "1"]
[SourceVersionDate "2011.11.24"]
[SourceQuality "1"]
[WhiteTeam "Baja"]
[BlackTeam "Fehervar"]
[WhiteTeamCountry "HUN"]
[BlackTeamCountry "HUN"]

1. d4 d5 2. c4 e6 3. Nc3 Nf6 4. Nf3 Bb4 5. Qa4+ Nc6 6. Bd2 Bxc3 7. Bxc3 Ne4 8. Qc2 Bd7 9. e3 Qe7 10. a3 0-0 11. Bd3 f5 12. b4 Qf7 13. b5 Nxc3 14. Qxc3 Ne7 15. Ne5 Qe8 16. 0-0 Ng6 17. Nxg6 Qxg6 18. cxd5 Rac8 19. dxe6 Bxe6 20. Bc4 Kh8 21. Rac1 c6 22. Bxe6 Qxe6 23. Qa5 Ra8 24. bxc6 bxc6 25. Rc5 Rfd8 26. Rxf5 Rd5 27. Rxd5 Qxd5 28. Qxd5 cxd5 29. Rc1 Kg8 30. Rc5 Rd8 31. Kf1 Rd7 32. Ke2 Kf7 33. Kd3 Ke6 34. g4 Rb7 35. f4 Kd6 36. h4 Rb3+ 37. Rc3 Rb1 38. e4 Rd1+ 39. Ke2 Rxd4 40. e5+ Kd7 41. Ke3 Re4+ 42. Kf3 g6 43. Rc5 Rd4 44. Ra5 Rd3+ 45. Ke2 Rc3 46. Rxa7+ Ke6 47. Ra6+ Ke7 48. a4 Rc4 49. Ke3 Re4+ 50. Kf3 Re1 51. a5 Rf1+ 52. Ke3 d4+ 53. Kxd4 Rxf4+ 54. Kd5 Rxg4 55. Ra7+ Kd8 56. Rxh7 Ra4 57. Kd6 Rd4+ 58. Kc6 Rd1 59. a6 Rc1+ 60. Kb7 Rb1+ 61. Ka8 Rb6 62. a7 Kc8 63. Rh8+ Kc7 64. Rb8 Re6 65. Rb5 Re8+ 66. Rb8 Re6 67. Rb5 Re8+ 68. Rb8 Re6 69. Rb7+ Kc6 70. Rb8 Kc7 71. Rf8 Re7 72. e6 Rxe6 73. Rf7+ Kc6 74. Rf8 Kc7 1/2-1/2

[Event "HUN-ch U12 Girls"]
[Site "Balatonlelle"]
[Date "2009.06.29"]
[Round "3"]
[White "Peteri, Nike"]
[Black "Hercsik, Timea Gabriella"]
[Result "0-1"]
[WhiteElo "1239"]
[BlackElo "1638"]
[PlyCount "116"]
[EventDate "2009.06.27"]
[EventType "swiss"]
[EventRounds "9"]
[EventCountry "HUN"]
[SourceTitle "EXT 2011"]
[Source "ChessBase"]
[SourceDate "2010.11.26"]
[SourceVersion "1"]
[SourceVersionDate "2010.11.26"]
[SourceQuality "1"]

1. e4 c5 2. Nf3 d6 3. d4 cxd4 4. Nxd4 Nf6 5. Nc3 g6 6. g3 Nc6 7. Nb3 Bd7 8. Bg2 Qc8 9. Bg5 Bg7 10. Qd2 h5 11. h4 Ne5 12. Qe2 Nc4 13. Rb1 Na3 14. Rd1 Nc4 15. Rb1 Ng4 16. Bh3 Nxb2 17. Nd5 Bc3+ 18. Kf1 e6 19. Bxg4 hxg4 20. Nf6+ Kf8 21. Qe3 Kg7 22. Nxd7 f6 23. Bxf6+ Bxf6 24. Nxf6 Kxf6 25. Qd4+ e5 26. Qxb2 Qc4+ 27. Kg2 Qxe4+ 28. Kh2 g5 29. Nd2 Qe2 30. Ne4+ Qxe4 31. Qxb7 Qxc2 32. Rhf1 gxh4 33. gxh4 Rxh4+ 34. Kg3 Rh3+ 35. Kg2 Rah8 36. Rh1 Qd3 37. Rxh3 Qxh3+ 38. Kg1 Qh2+ 39. Kf1 Qh1+ 40. Ke2 Qh2 41. Qxa7 g3 42. Qe3 gxf2 43. Qf3+ Qf4 44. Qxf4+ exf4 45. Rd1 Ke5 46. Kxf2 Rh2+ 47. Kf3 Rxa2 48. Re1+ Kf5 49. Re8 Ra3+ 50. Kf2 Re3 51. Rxe3 fxe3+ 52. Kxe3 Ke5 53. Kd2 Kd4 54. Ke2 Kc3 55. Kd1 Kd3 56. Ke1 d5 57. Kd1 d4 58. Ke1 Kc2 0-1

[Event "HUN-ch U12 Girls"]
[Site "Balatonlelle"]
[Date "2009.06.27"]
[Round "1"]
[White "Gombos, Bettina"]
[Black "Peteri, Nike"]
[Result "1-0"]
[WhiteElo "1710"]
[BlackElo "1239"]
[PlyCount "127"]
[EventDate "2009.06.27"]
[EventType "swiss"]
[EventRounds "9"]
[EventCountry "HUN"]
[SourceTitle "EXT 2011"]
[Source "ChessBase"]
[SourceDate "2010.11.26"]
[SourceVersion "1"]
[SourceVersionDate "2010.11.26"]
[SourceQuality "1"]

1. e4 e5 2. Nf3 Nc6 3. Bc4 Bc5 4. c3 Nf6 5. d3 d6 6. Nbd2 Ne7 7. 0-0 0-0 8. h3 c6 9. d4 exd4 10. cxd4 Bb4 11. Bd3 Bxd2 12. Bxd2 d5 13. e5 Ne4 14. Bb4 a5 15. Ba3 Re8 16. Re1 f5 17. exf6 gxf6 18. Bxe4 dxe4 19. Rxe4 Ng6 20. Rxe8+ Qxe8 21. Qb3+ Kh8 22. Re1 Qg8 23. Qxg8+ Kxg8 24. Nd2 Bd7 25. Ne4 Kf7 26. Nd6+ Kf8 27. Nxb7+ Kg8 28. Nc5 Re8 29. Rxe8+ Bxe8 30. Nb7 Nf4 31. Kf1 Nd3 32. b3 Kf7 33. Nxa5 Ke6 34. b4 Kd5 35. Nb3 Kc4 36. Ke2 Nxb4 37. Bxb4 Kxb4 38. g4 Bf7 39. Nc5 Bxa2 40. Ne4 Kc4 41. Ke3 Kd5 42. Nxf6+ Ke6 43. Nxh7 Kf7 44. f4 Kg7 45. Ng5 Bd5 46. h4 Kg6 47. Ne4 Kh6 48. Nd6 Be6 49. f5 Bd5 50. Kf4 Kg7 51. Kg5 Kg8 52. Kg6 Bf3 53. g5 Bd5 54. f6 Ba2 55. Kh6 Kh8 56. f7 Bxf7 57. Nxf7+ Kg8 58. Ne5 Kh8 59. Nxc6 Kg8 60. g6 Kf8 61. d5 Kg8 62. d6 Kf8 63. d7 Kg8 64. d8Q# 1-0